000 00349nam a2200121Ia 4500
008 230524s9999 xx 000 0 und d
100 _aWilliam Bolton
245 0 _a"Mechatronics : Electronic Control Systems in Mechanical and Electrical Engineering,"
260 _bPearson
500 _aQuantity Number: 130
650 _aElectrical
942 _cBK
999 _c49366
_d49366